| 000 | 01442cam a2200265 4500 | ||
|---|---|---|---|
| 002 | 7720 | ||
| 008 | 000000n2004 000 0 eng u | ||
| 020 | _a1904829023 | ||
| 035 | _a(Sirsi) u124949 | ||
| 041 | _aeng | ||
| 050 |
_a690.23 _c18 |
||
| 110 |
_aBuilding Cost Information Service _91096 |
||
| 245 | _aGuide to house rebuilding costs 2004 | ||
| 250 | _a26th ed. | ||
| 260 |
_aLondon _bRICS _c2004 |
||
| 300 |
_a108p. _c30cm. |
||
| 350 | _a65 | ||
| 520 | _aAnnual publication giving details of rebuilding costs for houses for reinstatement cost assessment. The rebuilding cost tables show the costs for gross external floor area in four regional groups, covering five house types, four age bands, three sizes and three quality bands. The guide also provides: additional costs and adjustments; regional variations; demolition costs; architects and surveyors fees; notes on preparing a reinstatement cost assessment; factors affecting building costs; specification and design notes; and elemental cost tables for different types and age of house. Supplements include the rebuilding cost tables for gross internal floor area and the ABI/BCIS house rebuilding cost index. Appendices. | ||
| 650 | _aHOUSE REBUILDING COSTS | ||
| 650 | _aINSURANCE COSTS | ||
| 650 | _aBUILT ENVIRONMENT-BUILDING COSTS-REINSTATEMENT COSTS | ||
| 650 | _aREINSTATEMENT COST ASSESSMENT | ||
| 690 | _aBUILT ENVIRONMENT-BUILDING COSTS | ||
| 942 | _n0 | ||
| 999 |
_c103318 _d103318 |
||